000 00303nam a2200133Ia 4500
005 20251222143231.0
008 251222s9999||||xx |||||||||||||| ||spa||
020 _a88-7715-261-3
082 _a458/D23
100 _aDamesi, Marcel
245 0 _aIl Cervello in Aula.
264 _bGuerra
942 _cLIB
999 _c14201
_d14201